Statistics for Top 50 Most Streamed Songs on Spotify

Click here to take the quiz!

General Stats

  • This quiz has been taken 153 times
  • The average score is 27 of 50

Answer Stats

ArtistSongStreams% Correct
Ed SheeranShape of You1.1 Billion
93%
The Chainsmokers ft. HalseyCloser1 Billion
82%
Justin BieberSorry943 Million
82%
AdeleHello716 Million
77%
HozierTake Me to Church686 Million
76%
SiaChandelier615 Million
74%
Mark Ronson ft. Bruno MarsUptown Funk736 Million
72%
Lukas Graham7 Years725 Million
71%
Rihanna ft. DrakeWork693 Million
70%
Major Lazer and DJ Snake ft. MOLean On1 Billion
69%
Drake ft. Wizkid and KylaOne Dance1.2 Billion
69%
Wiz Khalifa ft. Charlie PuthSee You Again665 Million
68%
Justin BieberLove Yourself903 Million
67%
John LegendAll of Me599 Million
66%
Twenty One PilotsStressed Out727 Million
66%
Luis Fonsi and Daddy Yankee ft. Justin Bieber (Remixed by Justin Bieber)Despacito574 Million
63%
The Weeknd ft. Daft PunkStarboy769 Million
63%
OMI (Remixed by Felix Jaehn)Cheerleader767 Million
58%
PassengerLet Her Go604 Million
58%
SiaCheap Thrills751 Million
57%
Alan WalkerFaded682 Million
57%
Shawn MendesStitches711 Million
57%
Ed SheeranThinking Out Loud900 Million
57%
Major Lazer ft. Justin Bieber and MOCold Water787 Million
55%
Mike Posner (Remixed by Seeb)I Took a Pill in Ibiza874 Million
55%
DesiignerPanda614 Million
54%
Maroon 5Sugar634 Million
54%
Fifth Harmony ft. Ty Dolla SignWork From Home694 Million
54%
DNCECake by the Ocean574 Million
52%
Twenty One PilotsHeathens618 Million
50%
Imagine DragonsRadioactive597 Million
50%
Justin TimberlakeCan't Stop the Feeling650 Million
48%
Calvin Harris ft. RihannaThis Is What You Came For707 Million
47%
Justin BieberWhat Do You Mean831 Million
46%
The Chainsmokers ft. DayaDon't Let Me Down869 Million
44%
Ellie GouldingLove Me Like You Do593 Million
44%
Shawn MendesTreat You Better624 Million
44%
The WeekndCan't Feel My Face720 Million
43%
DJ Snake ft. Justin BieberLet Me Love You789 Million
43%
Sam SmithStay with Me633 Million
43%
The WeekndThe Hills613 Million
43%
DrakeHotline Bling646 Million
39%
James ArthurSay You Won't Let Go573 Million
39%
Zara LarssonLush Life598 Million
36%
G-Eazy and Bebe RexhaMe, Myself & I617 Million
34%
Ed SheeranPhotograph685 Million
34%
Twenty One PilotsRide562 Million
30%
Jack U with Justin BeiberWhere Are U Now653 Million
30%
Drake ft. RihannaToo Good576 Million
23%
Major Lazer ft. Nyla and Fuse ODG ( Remixed by Fuse ODG)Light It Up647 Million
12%

Score Distribution

Percentile by Number Answered

Percent of People with Each Score

Your Score History

You have not taken this quiz